000 00727nam a2200253Ia 4500
003 OSt
005 20220923211029.0
006 a|||||r|||| 00| 0
007 ta
008 Pun
020 _a8171164528 (hbk)
024 _a232,658
037 _cTextual
040 _aARTS
_cARTS
_bPun
041 _2Pun
_aPun
082 _aO153,1N371x, P7
100 _aਰਵਿੰਦਰ ਰਵੀ
_9156278
245 0 _aਛਾਵਾਂ ਤੇ ਪਰਛਾਵੇ੍ਵ
260 _aਦਿੱਲੀ
_b ਨੈFਨਲ ਬੁਕ Fਾਪ
_c2007
300 _a144ਪੰ
_ccm.
650 _aਪੰਜਾਬੀ ਸਾਹਿਤ
942 _hO153,1N371x, P7
_cTEXL
_2CC
999 _c294193
_d294193